| 000 | 00911nam a2200265 i 4500 | ||
|---|---|---|---|
| 001 | 17933 | ||
| 003 | ES-MaACL | ||
| 005 | 20230906151723.0 | ||
| 007 | t| | ||
| 008 | 010625s1968 fr |||| | fre d | ||
| 080 | _a330.148 | ||
| 080 | _a338.8(73) | ||
| 100 | 1 |
_aBaran, Paul A. _925303 |
|
| 245 | 1 | 3 |
_aLe capitalisme monopoliste _b: un essai sur la société industrielle américaine / _cPaul A. Baran, Paul M. Sweezy ; traduit de l'anglois par Christos Passadéos. |
| 260 |
_aParis : _bFrançois Maspero, _c1968. |
||
| 300 |
_a342 p. ; _c24 cm. |
||
| 490 | 1 |
_aEconomie et socialisme ; _v11 |
|
| 650 | 1 | 4 |
_aCapitalismo. _910760 |
| 650 | 1 | 4 |
_aMonopolios- _zEstados Unidos. _915172 |
| 700 | 1 |
_aSweezy, Paul M. _9108935 |
|
| 700 | 1 |
_aPassadéos, Christos. _989437 |
|
| 830 | 0 |
_aEconomie et socialisme ; _v11 _9180361 |
|
| 852 |
_aES-MaACL _jAND-41 _z. - Biblioteca Juan Andrade |
||
| 999 |
_c17933 _d17933 |
||